Bird Quiz - Guess the bird - Statistics

General Stats
  • This quiz has been taken 10 times
  • The average score is 8 of 16
Answer Stats
Picture Answer % Correct
Dodo
100%
Emu
100%
Ostrich
100%
Bald Eagle
90%
Turkey
80%
Emperor penguin
70%
{Canada} Goose
60%
Falcon
60%
Goose
50%
Quetzal
50%
Kea
30%
Atlantic puffin
10%
Little Owl
10%
North Cardinal
10%
Common Gull
0%
Great White Pelican
0%
No matching quizzes found
Score Distribution
Percent of People with Each Score
Percentile by Number Answered
Your Score History
You have not taken this quiz